00416 2200169 4500001002100000005001500021035002000036245004600056100001800102300002800120260003000148082000800178084001400186020002200200990001200222990001200234INLIS00000000000189520250519095707 a0010-05250001871 aMencintaimu Karena Allah /cEllya Ningsih0 aEllya Ningsih a303 hlm ;c13 x 20,5 cm aBandung :bMizania,c2020 a813 a813 ELL m a978-623-9120-63-4 a0754793 a0754794